Horizons /

Bewaard in:
Bibliografische gegevens
Andere auteurs: Manley, Joan H.
Formaat: Boek
Taal:English
Gepubliceerd in: Australia ; Boston : Heinle & Heinle, c2006.
Editie:3rd ed.
Onderwerpen:
Tags: Voeg label toe
Geen labels, Wees de eerste die dit record labelt!
Thư viện lưu trữ: Mạng thư viện Đại học Đà Nẵng
LEADER 01076nam a22003011a 4500
001 000034726
003 10937
005 20240927102353.0
008 151027s2006 000 eng
020 |a 9781413005349 
041 0 |a eng 
082 0 0 |a 448.2  |b HO-R 
245 0 0 |a Horizons /  |c Joan H. Manley ... [et al.]. 
250 |a 3rd ed. 
260 |a Australia ;  |a Boston :  |b Heinle & Heinle,  |c c2006. 
300 |a xx, 492 p. :  |b ill. (some col.), maps ;  |c 29 cm. +  |e 2 sound discs (digital ; 4 3/4 in.) 
500 |a Includes index. 
650 0 |a French language  |v Textbooks for foreign speakers  |x English. 
700 1 |a Manley, Joan H. 
OWN |a LNN 
AVA |a UDN50  |b LNN  |c English  |d 448.2HO-R  |e available  |t Error 5001 Not defined in file expand_doc_bib_avail.  |f 1  |g 0  |h N  |i 0  |j AN  |k 1 
999 |a From the UDN01 
AVA |a UDN50  |b LNN  |c English  |d 448.2HO-R  |e available  |t Error 5001 Not defined in file expand_doc_bib_avail.  |f 1  |g 0  |h N  |i 0  |j AN  |k 1 
TYP |a Monograph 
980 |a Mạng thư viện Đại học Đà Nẵng